| 000 | 00544nam a22001817a 4500 | ||
|---|---|---|---|
| 001 | 84566 | ||
| 003 | BD-RjUL | ||
| 005 | 20241224161215.0 | ||
| 008 | 241224b192? pk ||||| |||| 00| 0 urd d | ||
| 035 | _a(BD-RjUL) 84566 | ||
| 040 |
_aBD-RjUL _beng _cBD-RjUL |
||
| 041 | _aurd | ||
| 082 |
_223 _a891.43909 _b KHM 192? |
||
| 245 |
_aمغل اور اردو :; Mughal and Urdu / _cسید نصیر حسین خان ;; Syed Naseer Hussain Khan |
||
| 300 |
_a168 p. ; _c23 cm |
||
| 650 |
_aUrdu Literature _vHistory & criticism _9219 |
||
| 942 |
_2ddc _cBK |
||
| 999 |
_c84566 _d84566 |
||